Una iglesia para el mundo: los hechos de los apóstoles. 30 temas para comunidades de base

Gespeichert in:
Bibliographische Detailangaben
1. Verfasser: Arroyo Merino, Mariano (VerfasserIn)
Format: Buch
Sprache:Spanisch
Veröffentlicht: Copiapó Obispado de Copiapó 1988
Schlagworte:
Tags: Tag hinzufügen
Keine Tags, Fügen Sie den ersten Tag hinzu!

MARC

LEADER 00000nam a2200000 a 4500
001 UCJ0161
003 CL-VaPUC
008 060707e19880000CL |||||||||||||||||spa|d
082 0 4 |a 226.6  |b ARR  |2 21 
100 0 |a Arroyo Merino, Mariano  |e author  |9 500193 
245 1 4 |a Una iglesia para el mundo: los hechos de los apóstoles. 30 temas para comunidades de base 
300 |a 78 p 
942 |c BK 
945 |d 20060707 00:00:00  |a cmena 
260 |a Copiapó  |b Obispado de Copiapó  |c 1988 
650 0 |a Evangelios  |9 314864 
650 0 |a Apóstoles   |9 444286 
650 0 |a Catequesis  |9 314526 
583 |a last modification  |c 20060707 00:00:00  |k Rodrigo Vera 
999 |c 317089  |d 317087 
952 |0 0  |1 2  |4 0  |6 226_600000000000000_ARR_1988  |7 0  |8 A  |9 392847  |a BIBTEO  |b BIBTEO  |d 2019-11-22  |i 4246004  |o 226.6 ARR 1988  |p 4246004  |r 2019-11-22  |w 2019-11-22  |x Descarte 2019  |y BK  |k ICR